000
00357nam a22001337a 4500
999
_c
534622
_d
534622
082
_a
297.19729
100
_a
Malik, Farrukh
245
_a
Truth or Fabrication /
_c
Farrukh Malik
260
_a
Lahore :
_b
Aamir Rehman Printer,
_c
2006.
300
_a
316 p.
942
_2
ddc
_c
BK